000 00206nam a22000857a 4500
008 170127b xxu||||| |||| 00| 0 eng d
100 _92595
_aSinha.S.
245 _aPhysics Lab-XI
260 _aIndia
_bMcmillan
_c2011
999 _c5732
_d5732